00423nam a2200121Ia 4500008004100000100002500041245012200066245002700188260000900215300002500224440003800249650001400287171207s9999 xx 000 0 und d aAbdallah, Mahmoud M. aTowards improving content and instruction of the ‘TESOL/TEFL for Special Needs’ course: an action research study  cMahmoud M. S. Abdallah c2017 apages 420-437, 2017 aEducational Action Researchv25:3 aEDUCATION